LEADER 01364oam 2200421zu 450 001 9910872876003321 005 20241212214924.0 035 $a(CKB)111026746725118 035 $a(SSID)ssj0000454839 035 $a(PQKBManifestationID)12129376 035 $a(PQKBTitleCode)TC0000454839 035 $a(PQKBWorkID)10397731 035 $a(PQKB)11676682 035 $a(NjHacI)99111026746725118 035 $a(EXLCZ)99111026746725118 100 $a20160829d1999 uy 101 0 $aeng 135 $aur||||||||||| 181 $ctxt 182 $cc 183 $acr 200 10$a1999 IEEE 50th Vehicular Technology Conference 210 31$a[Place of publication not identified]$cI E E E$d1999 215 $a1 online resource (3406 pages) 300 $aBibliographic Level Mode of Issuance: Monograph 311 08$a9780780354357 311 08$a0780354354 606 $aArtificial satellites in telecommunication$vCongresses 606 $aElectronics in transportation$vCongresses 615 0$aArtificial satellites in telecommunication 615 0$aElectronics in transportation 676 $a621.3825 712 02$aIEEE, Institute of Electrical and Electronics Engineers, Inc. Staff 801 0$bPQKB 906 $aPROCEEDING 912 $a9910872876003321 996 $a1999 IEEE 50th Vehicular Technology Conference$92495471 997 $aUNINA